3D camera augmented Autonomous Mobile Robot for intralogistics purposes

AMRs (Autonomous Mobile Robots) are driverless vehicles programmed to perform a variety of tasks and are often used to transport goods or materials. However, there can be several problems with the driving performance of this type of vehicle. Safety in the workplace is important everywhere, but there...

Teljes leírás

Elmentve itt :
Bibliográfiai részletek
Szerzők: Simon János
Hegedűs Alexandra
Sárosi József
Dokumentumtípus: Cikk
Megjelent: University of Szeged, Faculty of Engineering Szeged 2023
Sorozat:Analecta technica Szegedinensia 17 No. 1
Kulcsszavak:Robotika - ipari, Automatizálás - ipari, 3D szenzorok, Raktárlogisztika, Munkavédelem, Minőségbiztosítás, Biztonságtechnika
Tárgyszavak:
doi:10.14232/analecta.2023.1.10-15

Online Access:http://acta.bibl.u-szeged.hu/87005
LEADER 02417nab a2200253 i 4500
001 acta87005
005 20250416085757.0
008 250416s2023 hu o 000 eng d
022 |a 2064-7964 
024 7 |a 10.14232/analecta.2023.1.10-15  |2 doi 
040 |a SZTE Egyetemi Kiadványok Repozitórium  |b hun 
041 |a eng 
100 1 |a Simon János 
245 1 0 |a 3D camera augmented Autonomous Mobile Robot for intralogistics purposes  |h [elektronikus dokumentum] /  |c  Simon János 
260 |a University of Szeged, Faculty of Engineering  |b Szeged  |c 2023 
300 |a 10-15 
490 0 |a Analecta technica Szegedinensia  |v 17 No. 1 
520 3 |a AMRs (Autonomous Mobile Robots) are driverless vehicles programmed to perform a variety of tasks and are often used to transport goods or materials. However, there can be several problems with the driving performance of this type of vehicle. Safety in the workplace is important everywhere, but there are some areas that are particularly exposed to safety risks. Limited visibility is the main cause of accidents at work. Yet, robots can map these dangerous areas with their sensors. We will present a mobile robotic sensor development that can be implemented to increase the security of robotic warehouses. Testing is necessary in order to check the quality of existing defects in safety elements before delivery and to carry out a risk assessment. Our goal was to add a safety element to the robot to prevent the most common problem, namely it is colliding with a forklift truck, hitting objects outside the sensor planes or hanging in. Based on our experience with robots over the years, this has been a big challenge, as we have had several such collisions. Therefore, we selected and installed a modern 3D camera system and tested its compliance with the safety requirements and the difference between the safety level of a robot without 3D sensor (Alpha) and a robot with 3D sensor (Beta), based on the knowledge of the installed camera. 
650 4 |a Műszaki és technológiai tudományok 
650 4 |a Villamosmérnöki és informatikai tudományok 
695 |a Robotika - ipari, Automatizálás - ipari, 3D szenzorok, Raktárlogisztika, Munkavédelem, Minőségbiztosítás, Biztonságtechnika 
700 0 1 |a Hegedűs Alexandra  |e aut 
700 0 1 |a Sárosi József  |e aut 
856 4 0 |u http://acta.bibl.u-szeged.hu/87005/1/engineering_2023_001_010-015.pdf  |z Dokumentum-elérés